| 000 | 00737nam a2200265Ia 4500 | ||
|---|---|---|---|
| 003 | OSt | ||
| 005 | 20220918194021.0 | ||
| 006 | a|||||r|||| 00| 0 | ||
| 007 | ta | ||
| 008 | 220917b |||||||| |||| 00| 0 eng d | ||
| 024 | _a77,078 | ||
| 037 | _cTextual | ||
| 040 |
_aARTS _cARTS _beng |
||
| 041 |
_2eng _aeng |
||
| 082 | _aR85xJ64, L8 | ||
| 100 |
_aKoyre Alexandre _977729 |
||
| 245 | 0 | _aGalileo studies tr from the French by John Mepham | |
| 260 |
_aSussex _bHarvester Press _c1978 |
||
| 300 |
_a278p. _ccm. |
||
| 490 | _aEuropean philosophy and the human sciences | ||
| 500 | _aAppendix 237-50p | ||
| 650 | _aPHILOSOPHY | ||
| 942 |
_hR85xJ64, L8 _cTEXL _2CC |
||
| 999 |
_c201138 _d201138 |
||